00341nam a2200097Ia 4500008004100000082002000041100002100061245006600082260003400148650006100182211119s9999||||xx |||||||||||||| ||und|| a894.812 bMAT-A aMathew, Manarcad 0aAzheekodinte Lokathil:dr. Sukumar Azheekodumayulla Abhimukham bCurrent BooksaKottayamc2008 aLiteraturevmalayalam literatureGeneraliaxGeneral Stack